| 000 | 00759nam a2200241 u 4500 | ||
|---|---|---|---|
| 005 | 20240924071550.0 | ||
| 008 | 140508s2004 r 000 0 eng d | ||
| 020 | _a9685797587 | ||
| 035 | _aUPN01000197081 | ||
| 049 | _aCG | ||
| 050 | 4 |
_aZ675 S3 _bP4.2 |
|
| 100 | 1 |
_aPérez Buendía, Rubén _935787 |
|
| 245 | 1 | 0 |
_aBibliotecas escolares : _bun espacio de todos / _cRubén Pérez Buendía, Carola Diez y Gerardo Cirianni. |
| 260 |
_aMéxico : _bSEP, _c2004. |
||
| 300 | _a88 p. | ||
| 440 | 0 | _aCursos generales de actualización | |
| 650 | 2 |
_aBibliotecas escolares _92963 |
|
| 650 | 4 |
_aMaestros _xFormación profesional _9804 |
|
| 700 | 1 |
_aDiez, Carola, _ecoaut. |
|
| 700 | 1 |
_aCirianni, Gerardo, _ecoaut. _940272 |
|
| 905 | _aLibro | ||
| 999 |
_c169182 _d169182 |
||